Thành công : Lời khuyên và kinh nghiệm từ những người thành công và nổi tiếng

Nội dung cuốn sách tập hợp những lời khuyên và những lời chia sẻ tâm huyết về bí quyết thành công, tôn vinh những con người vươn đến thành công.

Bewaard in:
Bibliografische gegevens
Formaat: Boek
Taal:Undetermined
Gepubliceerd in: Thành phố Hồ Chí Minh Trẻ 2007
Onderwerpen:
Tags: Voeg label toe
Geen labels, Wees de eerste die dit record labelt!
Thư viện lưu trữ: Trung tâm Học liệu Trường Đại học Cần Thơ
LEADER 00916nam a2200205Ia 4500
001 CTU_134893
008 210402s9999 xx 000 0 und d
020 |c 36000 
082 |a 158.1 
082 |b Th107 
245 0 |a Thành công : 
245 0 |b Lời khuyên và kinh nghiệm từ những người thành công và nổi tiếng 
245 0 |c J. Pincoot biên tập; Huệ Chi người dịch 
260 |a Thành phố Hồ Chí Minh 
260 |b Trẻ 
260 |c 2007 
520 |a Nội dung cuốn sách tập hợp những lời khuyên và những lời chia sẻ tâm huyết về bí quyết thành công, tôn vinh những con người vươn đến thành công. 
650 |a Psychology, applied,Tâm lý học, ứng dụng 
904 |i Duy Bằng 
980 |a Trung tâm Học liệu Trường Đại học Cần Thơ